000 00641nam a2200229Ia 4500
003 OSt
005 20221005042443.0
006 a|||||r|||| 00| 0
007 ta
008 221004b |||||||| |||| 00| 0 eng d
024 _a48603
037 _cTextual
040 _aCRL
_cCRL
_beng
041 _2eng
_aeng
082 _aO111,1M12:g, L0
245 0 _aBrowning
_b The critical heritage edited by Body Litzinger and Donald Smalley
260 _aDelhi
_bVikas Publications India
_c1970
300 _a550p.
_ccm.
650 _aENGLISH LITERATURE
942 _hO111,1M12:g, L0
_cTEXL
_2cc
999 _c950250
_d950250